Top 50 europäische Vereine nach Zuschauerschnitt - Statistiken

Allgemein
  • Dieses Quiz wurde 136 mal gespielt
  • Das Durchschnittsergebnis liegt bei 37 aus 50
Antwortstatistiken
Zuschauerzahlen Verein % Korrekt
81.365 Borussia Dortmund
100%
75.000 FC Bayern
100%
44.439 FC Barcelona
97%
72.684 Real Madrid
97%
73.978 Manchester United
96%
60.219 Arsenal
94%
72.437 Inter Mailand
94%
52.223 Manchester City
94%
61.790 Schalke 04
94%
72.844 AC Mailand
93%
60.395 Liverpool
92%
39.668 Chelsea
90%
59.167 VfB Stuttgart
89%
49.883 1.FC Köln
88%
48.317 Hertha
87%
40.887 Juventus
87%
60.950 Tottenham
86%
59.067 Eintracht Frankfurt
84%
62.763 AS Rom
83%
61.171 Atletico Madrid
83%
63.558 Olympique Marseille
83%
49.504 Olympique Lyon
82%
47.573 PSG
82%
53.857 Ajax
81%
56.925 HSV
81%
41.342 Werder Bremen
77%
58.129 Benfica
74%
44.737 FC Porto
73%
59.208 Betis Sevilla
72%
35.032 FC Sevilla
72%
44.725 FC Valencia
72%
62.452 West Ham
72%
54.283 Celtic
69%
42.236 Hannover 96
69%
46.834 Neapel
69%
52.068 Newcastle
68%
42.459 Sporting
68%
41.782 Aston Villa
66%
42.643 Fortuna Düsseldorf
66%
50.837 Borussia Mönchengladbach
65%
52.035 FC Everton
59%
46.503 1.FC Kaiserslautern
57%
48.000 Athletic Bilbao
54%
50.149 Rangers
54%
47.500 Feyenoord
50%
42.529 LOSC Lille
46%
36.722 Leeds
40%
46.382 Sunderland
24%
37.549 RC Lens
19%
36.084 Zenit St. Petersburg
13%
Keine übereinstimmenden Quizze gefunden
Verteilung der Resultate
Anzahl Personen mit jedem Resultat
Perzentil nach korrekt beantworteten Fragen
Ihre Resultats-Entwicklung
Sie haben dieses Quiz noch nicht gespielt